Les pays les plus touchés par la diarrhée - Statistiques

Statistiques générales
  • Ce quiz a été pris 79 fois
  • Le résultat moyen est 5 sur 10
Statistiques - réponses
Nombre de morts en 2019 Pays % Correct
670 315 Inde
90%
104 383 Pakistan
67%
41 301 République démocratique du Congo
60%
36 111 Bangladesh
57%
16 030 Niger
46%
63 966 Indonésie
40%
144 724 Nigeria
40%
44 361 Éthiopie
38%
15 843 Afrique du Sud
36%
17 587 Tanzanie
26%
Aucun quiz correspondant
Distribution des résultats
% des personnes avec chaque résultat
Percentile par nombre de réponses
Votre historique - résultats
Vous n’avez pas pris ce quiz